<?xml version="1.0" encoding="UTF-8"?><OAI-PMH xmlns="http://www.openarchives.org/OAI/2.0/" xmlns:xsi="http://www.w3.org/2001/XMLSchema-instance"     xsi:schemaLocation="http://www.openarchives.org/OAI/2.0/ http://www.openarchives.org/OAI/2.0/OAI-PMH.xsd"><responseDate>2026-05-17T05:27:11Z</responseDate><request verb="GetRecord" identifier="oai:regmurcia.com:fintegr.1537" metadataPrefix="marc21">http://oai.regmurcia.com/oai2/oai2.php</request><GetRecord><record><header><identifier>oai:regmurcia.com:fintegr.1537</identifier><datestamp>2026-05-17</datestamp><setSpec>documentos</setSpec></header><metadata><record  xmlns="http://www.loc.gov/MARC21/slim" xmlns:xsi="http://www.w3.org/2001/XMLSchema-instance" xsi:schemaLocation="http://www.loc.gov/MARC21/slim http://www.loc.gov/standards/marcxml/schema/MARC21slim.xsd" type="Bibliographic"><leader>00000nam a2200000   4500</leader><controlfield tag="001" >005076815</controlfield><controlfield tag="003" >1537</controlfield><controlfield tag="004" >A00000000</controlfield><datafield tag="245" ind1=" " ind2=" "><subfield code="a">Testimonio del juramento que hizo Fernando el Católico al entrar en la ciudad de Lorca y la pleitesía que le rindio el concejo.</subfield></datafield><datafield tag="300" ind1=" " ind2=" "><subfield code="a">2 fol.</subfield></datafield><datafield tag="351" ind1=" " ind2=" "><subfield code="a">Unidad Documental</subfield><subfield code="c">Archivo de Lorca. Array</subfield><subfield code="a">Unidad Documental</subfield><subfield code="c">Archivo de Lorca. Array</subfield></datafield><datafield tag="351" ind1=" " ind2=" "><subfield code="b">Ent. Fernando V</subfield></datafield><datafield tag="506" ind1=" " ind2=" "><subfield code="a">Acceso restringido</subfield></datafield><datafield tag="520" ind1=" " ind2=" "><subfield code="a">El rey jura respetar los privilegios, cartas, mercedes y buenos usos concedidos por los reyes anteriores a la ciudad de Lorca. Así mismo, promete que la ciudad no será enajenada del realengo, tampoco sus términos, aguas o fuentes. A continuación los representantes del concejo le besan la mano, reconociéndolo como su señor.&lt;/br&gt;Documento incompleto, falta parte de lateral de los folios.</subfield></datafield><datafield tag="583" ind1=" " ind2=" "><subfield code="u">http://www.regmurcia.com/servlet/s.Sl?METHOD=VERDOCUMENTO&amp;sit=serv,Carmesi&amp;n=/10/2852/indice.djvu</subfield></datafield><datafield tag="592" ind1=" " ind2=" "><subfield code="a">1488-06-17</subfield></datafield><datafield tag="592" ind1=" " ind2=" "><subfield code="d">1488-06-17 00:00:00</subfield></datafield><datafield tag="651" ind1=" " ind2=" "><subfield code="a">Lorca</subfield></datafield><datafield tag="786" ind1=" " ind2=" "><subfield code="o">http://www.regmurcia.com/servlet/s.Sl?METHOD=VERDOCUMENTO&amp;sit=serv,Carmesi&amp;n=/10/2852/indice.djvu</subfield></datafield><datafield tag="856" ind1=" " ind2=" "><subfield code="u">http://www.regmurcia.com/servlet/s.Sl?METHOD=DETALLE&amp;sit=c,373,m,139,serv,Carmesi&amp;id=1537</subfield></datafield></record></metadata></record></GetRecord></OAI-PMH>
